Introduction to semiconductor integrated optics /

Enregistré dans:
Détails bibliographiques
Auteur principal: Zappe, Hans P (Auteur)
Format: Livre
Langue:anglais
Publié: Boston : Artech House, 1995
Édition:1.vyd.
Sujets:
Tags: Ajouter un tag
Pas de tags, Soyez le premier à ajouter un tag!

MARC

LEADER 00000nam a22000003a 4500
001 stu9813
005 20150617225804.9
008 970606s1995----xxu-----------------eng-d
020 |a 0-89006-789-9 
040 |a STU  |b slo 
041 0 |a eng 
044 |a xxu 
080 |a 621.382.049.77 
080 |a 621.383 
084 |a B4270  |2 INS 
084 |a B2570  |2 INS 
100 1 |a Zappe, Hans P  |4 aut 
245 1 |a Introduction to semiconductor integrated optics /  |c [aut.] Zappe,Hans P 
250 |a 1.vyd. 
260 |a Boston :  |b Artech House,  |c 1995 
300 |a 371 s 
650 7 |a polovodičové integrované obvody  |2 stusub 
650 7 |a optoelektronika  |2 stusub 
650 7 |a polovodiče  |2 stusub 
650 7 |a vlnovody  |2 stusub 
650 7 |a lasery  |2 stusub 
650 7 |a fotodetektory  |2 stusub 
996 |b E81242  |c E*81242  |l EE11  |s P  |a 0  |w stu9813_0001